| 000 | 00000nam##2200000za#4500 |
| 001 | 9.648069 |
| 003 | CaOODSP |
| 005 | 20200401083329 |
| 007 | ta |
| 008 | 150407|2001||||xxc||||| f|0| 0 eng|d |
| 020 | |a0-662-30044-0 |
| 040 | |aCaOODSP|beng |
| 043 | |an-cn--- |
| 086 | 1 |aH35-4/7-1999E |
| 110 | 1 |aCanada. |bHealth Canada. |bFirst Nations and Inuit Health Branch. |
| 245 | 10|aTuberculosis in First Nations communities, 1999 |
| 260 | |aOttawa - Ontario : |bHealth Canada. |c2001. |
| 300 | |avi, 66p. : |bfigs., references, tables ; |c28 cm. |
| 563 | |aSoftcover |
| 590 | |a01-25|b2001-06-22 |
| 690 | 07|aInfectious diseases|2gcpds |
| 690 | 07|aEpidemiology|2gcpds |
| 690 | 07|aIndigenous peoples|2gcpds |
| 775 | 08|tLa tuberculose dans les communautés des Premières nations, 1999 |w(CaOODSP)9.681444 |
| 776 | 0#|tTuberculosis in First Nations communities, 1999 |w(CaOODSP)9.696500 |